Monuments célèbres en Rébus - Statistiques

Statistiques générales
  • Ce quiz a été pris 1 316 fois
  • Le résultat moyen est 7 sur 8
Réponses sur la Carte
Les réponses sont colorées sur une échelle allant du rouge au vert en fonction du pourcentage des utilisateurs qui les ont devinées à leur premier essai. Vous pouvez retrouver ces pourcentages ci-dessous.
 
Statistiques - réponses
Rébus n° Monument associé % Correct
1 La Tour Eiffel
97%
2 Le Colisée
95%
8 Le Château de Versailles
92%
4 Le Mur de Berlin
89%
3 Le Taj Mahal
89%
5 La Statue de la Liberté
86%
7 La Grande Muraille
81%
6 Les Pyramides de Gizeh
81%
Aucun quiz correspondant
Distribution des résultats
% des personnes avec chaque résultat
Percentile par nombre de réponses
Votre historique - résultats
Vous n’avez pas pris ce quiz